Kĩ năng laÌ€m văn nghiÌ£ luâÌ£n phổ thông

Đã lưu trong:
書目詳細資料
主要作者: Nguyễn, Quốc Siêu
格式: 圖書
語言:Undetermined
出版: H. Giáo duÌ£c 2001
主題:
在線閱讀:http://lrc.tdmu.edu.vn/opac/search/detail.asp?aID=2&ID=7375
標簽: 添加標簽
沒有標簽, 成為第一個標記此記錄!
Thư viện lưu trữ: Trung tâm Học liệu Trường Đại học Thủ Dầu Một
LEADER 00716nam a2200193Ia 4500
001 TDMU_7375
008 210410s9999 xx 000 0 und d
082 |a 808.4 
090 |b NG528 
100 |a Nguyễn, Quốc Siêu 
245 0 |a Kĩ năng laÌ€m văn nghiÌ£ luâÌ£n phổ thông 
245 0 |c Nguyễn Quốc Siêu 
260 |a H. 
260 |b Giáo duÌ£c 
260 |c 2001 
300 |a 447tr. 
650 |a Văn nghiÌ£ luâÌ£n; Văn; LaÌ€m văn; Văn nghiÌ£ luâÌ£n; Phổ thông 
856 |u http://lrc.tdmu.edu.vn/opac/search/detail.asp?aID=2&ID=7375 
980 |a Trung tâm Học liệu Trường Đại học Thủ Dầu Một